00375 2200157 4500245003700000020002200037250001100059100001800070650001600088005001900104260003600123041001400159084000800173300002700181336000900208 aUnpopular !cNiken AnggrekhText a978-602-9397-29-1 aCet. 1 aNiken Anggrek aNovel Fiksi a20230109115844 aYogyakartabBentang Beliac2012 aIndonesia a813 avi, 214 hlm. :c19 cm. atext